Les 10 pays avec les plus longues côtes par continent - Statistiques

Statistiques générales
  • Ce quiz a été pris 213 fois
  • Le résultat moyen est 48 sur 60
Statistiques - réponses
Kilomètres Continent Pays % Correct
202.080 Amérique du Nord Canada
100%
19.193 Europe France
99%
37.683 Asie Russie
99%
22.450 Amérique du Nord États Unis
98%
29.196 Océanie Australie
97%
4.964 Europe Espagne
97%
15.910 Europe Royaume Uni
97%
7.914 Europe Italie
96%
84.022 Europe Norvège
96%
7.367 Amérique du Sud Brésil
95%
15.274 Asie Chine
95%
29.951 Asie Japon
95%
9.330 Amérique du Nord Mexique
95%
2.798 Afrique Afrique du Sud
94%
6.435 Amérique du Sud Chili
94%
7.000 Asie Inde
94%
14.880 Europe Grèce
92%
15.134 Océanie Nouvelle Zélande
92%
4.989 Amérique du Sud Argentine
91%
52.518 Europe Danemark(Groenland)
91%
54.716 Asie Indonésie
91%
2.945 Afrique Maroc
89%
2.414 Amérique du Sud Pérou
88%
1.622 Afrique Algérie
87%
2.450 Afrique Égypte
84%
8.333 Asie Turquie
84%
2.800 Amérique du Sud Venezuela
84%
3.208 Amérique du Sud Colombie
83%
3.735 Amérique du Nord Cuba
82%
3.444 Asie Vietnam
82%
3.219 Asie Thaïlande
81%
4.828 Afrique Madagascar
80%
36.289 Asie Philippines
79%
5.835 Europe Croatie
77%
1.129 Océanie Fidji
77%
4.988 Europe Islande
77%
3.025 Afrique Somalie
77%
2.237 Amérique du Sud Équateur
76%
4.675 Asie Malaisie
75%
2.490 Amérique du Nord Panama
74%
5.152 Océanie Papouasie Nouvelle Guinée
74%
1.770 Afrique Libye
73%
459 Amérique du Sud Guyana
70%
660 Amérique du Sud Uruguay
70%
1.600 Afrique Angola
69%
1.290 Amérique du Nord Costa Rica
69%
1.771 Amérique du Nord Haïti
69%
2.470 Afrique Mozambique
69%
386 Amérique du Sud Suriname
69%
1.022 Amérique du Nord Jamaïque
68%
3.542 Amérique du Nord Bahamas
66%
6.112 Océanie Micronésie
65%
5.313 Océanie Îles Salomons
63%
419 Océanie Tonga
63%
1.288 Amérique du Nord République Dominicaine
62%
1.143 Océanie Kiribati
60%
2.528 Océanie Vanuatu
57%
3.794 Europe Estonie
52%
1.519 Océanie Palaos
52%
2.234 Afrique Erythrée
44%
Aucun quiz correspondant
Distribution des résultats
% des personnes avec chaque résultat
Percentile par nombre de réponses
Votre historique - résultats
Vous n’avez pas pris ce quiz